000 00349nam a2200157Ia 4500
100 _aLafore/Robert
650 _aDatastructures
942 _cBK
366 _f17.5
654 _aalgorithms
245 _aDatastructures and algorithms in Java
260 _bPearson Education
_c2008
082 _a5.133
_bLAF
300 _a776
546 _aENGLISH
999 _c21296
_d21296